| 000 | 00855 a2200277 4500 | ||
|---|---|---|---|
| 003 | CBULib | ||
| 005 | 20240228154557.0 | ||
| 008 | 231215b |||||||| |||| 00| 0 eng d | ||
| 020 | _a9781138831117 | ||
| 040 |
_bEnglish _cCBULib _erda |
||
| 041 | _aeng | ||
| 050 | _aGE190.C6 Rou | ||
| 100 | _aSternfeld, Eva | ||
| 245 |
_aRoutledge handbook of environmental policy in China _c/ edited by Eva Sternfeld |
||
| 260 |
_bRoutledge, _c2017. _aNew York : |
||
| 300 | _axxiii, 384 pages : illustrations | ||
| 336 |
_2rdacontent _aText | _btxt |
||
| 337 |
_2rdamedia _aUnmediated | _bn |
||
| 338 |
_2rdacarrier _aVolume _bnc |
||
| 504 | _aIncludes index | ||
| 650 | 0 |
_91064 _aCHINA |
|
| 650 | 0 |
_91401 _aCHINA ENVIRONMENTAL CONDITIONS |
|
| 650 | 0 |
_91402 _aENVIRONMENTAL PROTECTION CHINA |
|
| 650 | 0 |
_91403 _aENVIRONMENTAL POLICY CHINA |
|
| 942 |
_2lcc _c002 |
||
| 999 |
_c83333 _d83333 |
||